000
00292nam a2200097Ia 4500
008
240331s9999 xx 000 0 und d
082
_b
ANT
100
_a
Kater, A,. ed
245
0
_a
Anthropologists approaching education :
_b
papers presented at the symposium anthropology of education
942
_c
L
999
_c
3112
_d
3112